000 00523nam a2200145Ia 4500
008 100122s9999 xx 000 0 und d
082 _b51255
_a523.78
100 _aघाणेकर प्र के
245 _aपर्वणी सूर्य ग्रहणाची
260 _bस्नेहल प्रकाशन
_c1994
300 _a84
630 _aपर्वणी सूर्य ग्रहणाची
730 _aपर्वणी सूर्य ग्रहणाची
942 _cBOOK
999 _c428717
_d428714